00349nam a2200145Ia 45000030006000000080041000060400015000471000023000622450063000852500011001482600009001593000006001685460012001740050017001860STCL150530s9999 xx 000 0 und d aSTCLcSTCL aAlexander Japp, H. aRobert Louis Stevenson a record an estimate and a memorial aSecond c1905 a0 aEnglish20220125171152.0